Mil soles espléndidos /

Guardado en:
Autor Principal: Hosseini, Khaled.
Formato: Libro
Idioma:Spanish
English
Publicado: Barcelona : Salamandra, 2007.
Series:Novela (Ediciones Salamandra)
Materias:
Etiquetas: Agregar Etiqueta
Sin Etiquetas, Sea el primero en etiquetar este registro!
LEADER 00834nam a22002535a 4500
001 EUN.eunm006690
005 20161230081708.0
008 161118s2007####sp############000#1#spa#d
020 |a 9788498381351 
041 1 |a spa  |h eng 
082 0 4 |a 813.6  |2 21 
100 1 |a Hosseini, Khaled. 
245 1 0 |a Mil soles espléndidos /  |c Khaled Hosseini. 
260 |a Barcelona :  |b Salamandra,  |c 2007. 
300 |a 382 p. ;  |c 23 cm. 
490 1 |a Novela 
500 |a Título original: A thousand splendid suns; publicado por ATSS, c2007. 
500 |a Reimpreso en julio de 2015 (como 22a. ed. (7a. en Argentina)). 
650 7 |a Literatura.  |2 unbist 
650 7 |a Siglo XXI.  |2 unbist 
651 7 |a Estados Unidos.  |2 unbist 
653 |a Novela 
830 0 |a Novela (Ediciones Salamandra) 
859 |a AR-BaUNS  |b BIB. CENTRAL - Sector A  |h 813.6  |i H794  |p 125776/016